| 000 | 00788nam a2200229Ia 4500 | ||
|---|---|---|---|
| 003 | GCL | ||
| 005 | 20240530104632.0 | ||
| 008 | 140319s9999 xx 000 0 ara d | ||
| 040 |
_aGCL / _cGCL |
||
| 082 | 0 | 4 |
_a953.073 _bم ع |
| 100 | 1 | _aمحمود السيد | |
| 245 | 1 | 0 |
_aالعرب فى اخطر المعارك الحربية فى تاريخ العالم / _cمحمود السيد |
| 260 |
_aالاسكندرية : _bمنشاة المفكرين |
||
| 300 |
_a255 ص؛ _c24 سم |
||
| 490 |
_aالهيئة العامة للاستعلامات _v0 |
||
| 650 | 0 | 4 | _aالعالم العربى |
| 650 | 0 | 4 | _aالحروب الصليبية |
| 650 | 0 | 4 | _aالتاريخ الاسلامى |
| 650 | 0 | 4 | _aالقبائل العربية |
| 650 | 0 | 4 | _aمعركة حطين |
| 942 |
_2ddc _cBK |
||
| 999 |
_c49387 _d49387 |
||